Geoinformatics for environmental management / (Record no. 52474)

MARC details
000 -LEADER
fixed length control field 00546nam a2200205Ia 4500
005 - DATE AND TIME OF LATEST TRANSACTION
control field 20260429112125.0
008 - FIXED-LENGTH DATA ELEMENTS--GENERAL INFORMATION
fixed length control field 260429s9999||||xx |||||||||||||| ||und||
020 ## - INTERNATIONAL STANDARD BOOK NUMBER
International Standard Book Number 9788178000640
041 ## - LANGUAGE CODE
Language English
082 ## - DEWEY DECIMAL CLASSIFICATION NUMBER
Classification number 363.7
Item number RED
100 ## - MAIN ENTRY--PERSONAL NAME
Personal name Reddy, M. Anji
245 #0 - TITLE STATEMENT
Title Geoinformatics for environmental management /
Statement of responsibility, etc M. Anji Reddy
250 ## - EDITION STATEMENT
Edition statement 1st ed.
260 ## - PUBLICATION, DISTRIBUTION, ETC. (IMPRINT)
Place of publication, distribution, etc Hyderabad :
Name of publisher, distributor, etc Bs Publications,
Date of publication, distribution, etc 2025.
300 ## - PHYSICAL DESCRIPTION
Extent xviii, 464 p.; hb
650 ## - SUBJECT ADDED ENTRY--TOPICAL TERM
Topical term or geographic name as entry element Environment
650 ## - SUBJECT ADDED ENTRY--TOPICAL TERM
Topical term or geographic name as entry element Management
650 ## - SUBJECT ADDED ENTRY--TOPICAL TERM
Topical term or geographic name as entry element Geoinformatics
942 ## - ADDED ENTRY ELEMENTS (KOHA)
Koha item type Text Books
Holdings
Withdrawn status Lost status Damaged status Not for loan Collection code Home library Location Shelving location Date of Cataloging Source of acquisition Total Checkouts Full call number Barcode Date last seen Price effective from Koha item type
        Non-fiction CUTN Central Library CUTN Central Library Social Sciences 29/04/2026 TBH Library Book Suppliers, Chennai - Invoice No. SINV00732 on 09-02-2026   363.7 RED 57559 29/04/2026 29/04/2026 Text Books